| 000 | 00708nam a22002417a 4500 | ||
|---|---|---|---|
| 003 | OSt | ||
| 005 | 20220924113708.0 | ||
| 006 | a|||||r|||| 00| 0 | ||
| 007 | ta | ||
| 008 | 220923b |||||||| |||| 00| 0 rus d | ||
| 024 | _a7698 | ||
| 037 | _cGeneral Books | ||
| 040 |
_aARTS _cARTS _brus |
||
| 041 |
_2rus _arus |
||
| 082 | _aO142,3NVA,1, 153K1 | ||
| 100 | _aਵਾਸੀਲਿਊਸਕਾ, ਵਾਂਦਾ | ||
| 245 | 0 | _aਸਤਰੰਗੀ ਪੀ੍ਵਘ | |
| 260 | _c1961 | ||
| 300 | _ap. | ||
| 650 |
_aਰਾFੀਅਨ ਸਾਹਿਤ _9170410 |
||
| 942 |
_hO142,3NVA,1, 153K1 _cGB _2CC |
||
| 999 |
_c390495 _d390495 |
||